000 00424nam a2200169 a 4500
005 20140414093841.0
008 080109s19uu xx uuu eng d
050 _aCDR 370.1
_bTSM 2007
100 _aIBO
245 _aPhysics :
_bteacher support material /
_cIBO.
260 _aSl :
_bIBO,
_cc2007.
300 _a1 cd
650 _aInternational Baccalaureate.
650 _aPhysics.
942 _cAVM
999 _c109315
_d109315